| 000 | 00441 a2200145 4500 | ||
|---|---|---|---|
| 999 |
_c6885 _d6885 |
||
| 020 | _a0814759753 | ||
| 050 | _aCT3203 LON 1999 | ||
| 100 | _aLong, Judy | ||
| 245 |
_aTelling women's lives: _bSubject/Narrator/Reader/Text / _cJudy Long |
||
| 264 |
_aNew York: _bNew York University Press; _c1999 |
||
| 300 | _aix, 185p. ; | ||
| 500 | _aIncludes bibliography and index | ||
| 650 |
_aHistory and criticism _xWomen |
||
| 942 |
_2lcc _cBK _h3203 _iLON _kCT |
||